000 00342 a2200157 4500
001 46616
020 _a9788575031308
040 _cAnchieta - Aquarius
100 _aLaura
240 1 0 _aNovos brasileirinhos
_lpor
245 1 0 _aNovos brasileirinhos
300 _a36
362 0 _a2002
650 4 _aLiteratura infanto-juvenil
942 _cBK
999 _c46616
_d46616